000 00601nam a2200217 i 4500
001 C2-0241356
003 PPAK
005 20180727203804.0
008 020801s1983 my |||| ||||| | may d
040 _aPPAK
_beng
_cPPAK
_erda
082 0 4 _a297.122
_223
090 0 0 _a297.122
_bMAJ
_dKAM
245 0 0 _aMajlis sambutan maulidin Nabi Muhammad S.A.W.
264 1 _aPulau Pinang :
_bUniversiti Sains Malaysia ,
_c1983
300 _a21 pages ;
_c22 cm
336 _2rdacontent
_atext
337 _2rdamedia
_aunmediated
338 _2rdacarrier
_avolume
650 1 0 _aIslam doctrines.
942 _ddc
_cB
999 _c56439
_d56439